Logos for Every Letter - Statistics

General Stats
  • This quiz has been taken 48 times
    47 since last reset
  • The average score is 18 of 26
Answer Stats
Picture Answer % Correct
Disney
98%
Facebook
98%
Google
98%
Honda
98%
Coca-Cola
95%
Netflix
93%
Tesla
93%
Lexus
91%
Subway
91%
Airbnb
86%
Pinterest
86%
Xbox
86%
Intel
74%
Kellogg's
74%
Motorola
72%
Rockstar
72%
Edge
60%
Johnson & Johnson
56%
Yamaha
56%
Opera
53%
Vine
51%
Walgreen's
47%
Zillow
42%
Bugatti
26%
Quizlet
14%
U-Haul
9%
No matching quizzes found
Score Distribution
Percent of People with Each Score
Percentile by Number Answered
Your Score History
You have not taken this quiz since the last reset